[Event "Titled Tuesday intern op 06th May Early"]
[Site "Chess.com INT"]
[Date "2025.05.06"]
[Round "9"]
[White "Gibala, Adam"]
[Black "Ivannikov, Maksim"]
[Result "1-0"]
[WhiteElo "2239"]
[BlackElo "2184"]
[PlyCount "61"]
[EventDate "2025.05.06"]
[EventType "swiss (blitz)"]
[EventRounds "11"]
[EventCountry "USA"]
[SourceTitle "CB20_2025"]
[SourceDate "2025.05.14"]
[SourceVersion "1"]
[SourceVersionDate "2025.05.14"]
[SourceQuality "1"]

1. c4 Nf6 2. Nc3 g6 3. e4 d6 4. d4 Bg7 5. Nf3 0-0 6. h3 e5 7. d5 c6 8. Bd3 b5 9. dxc6 bxc4 10. Bxc4 Nxc6 11. 0-0 Rb8 12. Rb1 Bb7 13. Bg5 h6 14. Bxf6 Bxf6 15. Bd5 Rc8 16. a3 Ba6 17. Re1 Nd4 18. Nxd4 exd4 19. Ne2 Qb6 20. Nf4 Kg7 21. g3 Rfe8 22. h4 Qb5 23. Qg4 Rc7 24. Nh5+ Kf8 25. Nxf6 Re5 26. Qf4 g5 27. hxg5 hxg5 28. Nh7+ Kg7 29. Qf6+ Kxh7 30. Kg2 Kg8 31. Rh1 1-0

[Event "Titled Tuesday intern op 01st Apr Early"]
[Site "Chess.com INT"]
[Date "2025.04.01"]
[Round "2"]
[White "Ivannikov, Maksim"]
[Black "Sarana, Alexey"]
[Result "0-1"]
[WhiteElo "2184"]
[BlackElo "2689"]
[PlyCount "62"]
[EventDate "2025.04.01"]
[EventType "swiss (blitz)"]
[EventRounds "11"]
[EventCountry "USA"]
[SourceTitle "CB15_2025"]
[SourceDate "2025.04.09"]
[SourceVersion "1"]
[SourceVersionDate "2025.04.09"]
[SourceQuality "1"]

1. e4 c5 2. Nf3 d6 3. d4 cxd4 4. Nxd4 Nf6 5. Nc3 a6 6. f3 e5 7. Nb3 Be6 8. Be3 Nc6 9. Qd2 d5 10. exd5 Nxd5 11. Nxd5 Qxd5 12. Bd3 Nb4 13. Be4 Qxd2+ 14. Kxd2 0-0-0+ 15. Kc1 f5 16. Nc5 Nxa2+ 17. Rxa2 Bxc5 18. Bxc5 fxe4 19. Ra3 exf3 20. gxf3 Rd5 21. Rc3 Kd7 22. Re1 Rc8 23. b4 b6 24. Bd4 Rxd4 25. Rce3 Bf5 26. c3 Rxb4 27. Rd1+ Ke6 28. Rde1 Rb1+ 29. Kd2 Rb2+ 30. Kd1 Rd8+ 31. Kc1 Rb1# 0-1

[Event "Titled Tuesday intern op 25th Mar Early"]
[Site "Chess.com INT"]
[Date "2025.03.25"]
[Round "7"]
[White "Ivannikov, Maksim"]
[Black "Alazmi, Amani"]
[Result "1-0"]
[WhiteElo "2184"]
[BlackElo "1740"]
[PlyCount "77"]
[EventDate "2025.03.25"]
[EventType "swiss (blitz)"]
[EventRounds "11"]
[EventCountry "USA"]
[SourceTitle "CB14_2025"]
[SourceDate "2024.11.01"]
[SourceVersion "1"]
[SourceVersionDate "2024.11.01"]
[SourceQuality "1"]

1. e4 e5 2. Nf3 Nc6 3. Bc4 Nf6 4. d3 Bc5 5. 0-0 d6 6. Bb3 0-0 7. c3 a6 8. Nbd2 Be6 9. Bc2 Ba7 10. h3 Ne7 11. Re1 Ng6 12. Nf1 Re8 13. Ng3 Qd7 14. Ng5 Rac8 15. Nh5 Qe7 16. d4 Rcd8 17. Be3 h6 18. Nxe6 Qxe6 19. d5 Qd7 20. Nxf6+ gxf6 21. Bxa7 b6 22. Ba4 b5 23. Bc2 c5 24. Bb6 Rb8 25. Ba5 b4 26. cxb4 cxb4 27. Ba4 Qb7 28. Bxe8 Rxe8 29. a3 b3 30. Rc1 Qd7 31. Qxb3 Nf4 32. Qg3+ Kh8 33. Rc7 Qb5 34. Rxf7 Rg8 35. Qh4 Rxg2+ 36. Kh1 Rg6 37. Rxf6 Qd3 38. Rf8+ Kg7 39. Qe7# 1-0

[Event "Titled Tuesday intern op 11th Mar Early"]
[Site "Chess.com INT"]
[Date "2025.03.11"]
[Round "6"]
[White "Ivannikov, Maksim"]
[Black "Shandrygin, Nikita"]
[Result "1/2-1/2"]
[WhiteElo "2184"]
[BlackElo "2209"]
[PlyCount "133"]
[EventDate "2025.03.11"]
[EventType "swiss (blitz)"]
[EventRounds "11"]
[EventCountry "USA"]
[SourceTitle "CB12_2025"]
[SourceDate "2025.03.19"]
[SourceVersion "1"]
[SourceVersionDate "2025.03.19"]
[SourceQuality "1"]

1. e4 c5 2. Nf3 e6 3. d4 cxd4 4. Nxd4 Nf6 5. Nc3 Nc6 6. Nxc6 bxc6 7. e5 Nd5 8. Ne4 Qc7 9. f4 Qb6 10. c4 Bb4+ 11. Ke2 Ba6 12. Kf3 f5 13. exf6 Nxf6 14. Be3 Qd8 15. Nd6+ Ke7 16. c5 Bxf1 17. Rxf1 Nd5 18. Qd4 Qf8 19. Rad1 Qf6 20. Qe4 Ba5 21. Bd4 Qg6 22. Bxg7 Rhg8 23. Qxg6 hxg6 24. Bh6 Bc7 25. Bg5+ Kf8 26. Ne4 Kf7 27. Rf2 a5 28. g4 a4 29. Kg2 Rab8 30. Re1 Rb4 31. f5 gxf5 32. gxf5 Rxe4 33. fxe6+ Ke8 34. Rxe4 Rxg5+ 35. Kf1 dxe6 36. Rxe6+ Kd7 37. Re4 a3 38. bxa3 Rh5 39. h4 Bd8 40. Rf7+ Be7 41. a4 Ke8 42. Rf3 Rh7 43. a5 Kd7 44. a6 Bxc5 45. Rb3 Kd6 46. Rb7 Rh8 47. a7 Ra8 48. Ra4 Nc3 49. Ra6 Kd5 50. h5 Nb5 51. Rd7+ Ke6 52. Rg7 Bxa7 53. Rxc6+ Kd5 54. Rcg6 Bd4 55. Rd7+ Kc4 56. Rc6+ Kd3 57. h6 Rf8+ 58. Kg2 Rg8+ 59. Kh3 Ke4 60. a4 Nc3 61. Rc4 Ne2 62. h7 Nf4+ 63. Kh4 Ng2+ 64. Kh5 Nf4+ 65. Kh4 Ng2+ 66. Kh5 Nf4+ 67. Kh4 1/2-1/2

[Event "Titled Tuesday intern op 11th Mar Early"]
[Site "Chess.com INT"]
[Date "2025.03.11"]
[Round "2"]
[White "Shymanskyi, Oleksandr"]
[Black "Ivannikov, Maksim"]
[Result "0-1"]
[WhiteElo "2218"]
[BlackElo "2184"]
[PlyCount "110"]
[EventDate "2025.03.11"]
[EventType "swiss (blitz)"]
[EventRounds "11"]
[EventCountry "USA"]
[SourceTitle "CB12_2025"]
[SourceDate "2025.03.19"]
[SourceVersion "1"]
[SourceVersionDate "2025.03.19"]
[SourceQuality "1"]

1. e3 e5 2. b3 d5 3. Bb2 Nc6 4. Bb5 Bd6 5. f4 Qe7 6. Nf3 f6 7. c4 d4 8. 0-0 Bg4 9. Nxe5 Bxd1 10. Nxc6 bxc6 11. Bxc6+ Kf8 12. Rxd1 Rd8 13. Bxd4 Bxf4 14. Nc3 Rxd4 15. exd4 Qd6 16. Bd5 Bxh2+ 17. Kh1 Qg3 18. Bf3 Qh4 19. Ne2 Bg3+ 20. Kg1 Qh2+ 21. Kf1 Qh1+ 22. Ng1 Ne7 23. Ke2 Nf5 24. Nh3 Qh2 25. Rh1 Nxd4+ 26. Kd3 Nxf3 27. Rxh2 Nxh2 28. b4 Kf7 29. Kc3 Rd8 30. d4 Rxd4 31. Kxd4 Be5+ 32. Kd5 Bxa1 33. Kc6 Be5 34. a4 g5 35. Nf2 g4 36. Ne4 f5 37. Nf2 f4 38. Nd3 Ke6 39. b5 f3 40. gxf3 gxf3 41. a5 Ng4 42. c5 f2 43. Nxf2 Nxf2 44. b6 cxb6 45. cxb6 axb6 46. a6 Bb8 47. Kb7 Nd3 48. Kxb8 Nb4 49. a7 Nc6+ 50. Kb7 Nxa7 51. Kxb6 h5 52. Kc5 h4 53. Kd4 h3 54. Ke3 h2 55. Kf2 h1Q 0-1

[Event "Titled Tuesday intern op 04th Mar Early"]
[Site "Chess.com INT"]
[Date "2025.03.04"]
[Round "10"]
[White "Ivannikov, Maksim"]
[Black "Chua, Alexander J"]
[Result "1-0"]
[WhiteElo "2184"]
[BlackElo "2308"]
[PlyCount "39"]
[EventDate "2025.03.04"]
[EventType "swiss (blitz)"]
[EventRounds "11"]
[EventCountry "USA"]
[SourceTitle "CB11_2025"]
[SourceDate "2025.03.12"]
[SourceVersion "1"]
[SourceVersionDate "2025.03.12"]
[SourceQuality "1"]

1. e4 c6 2. d4 d5 3. e5 c5 4. c4 cxd4 5. Nf3 dxc4 6. Nxd4 Nc6 7. Nxc6 Qxd1+ 8. Kxd1 bxc6 9. Bxc4 Bg4+ 10. f3 0-0-0+ 11. Ke2 Bh5 12. Be3 Kb7 13. Nc3 e6 14. Rac1 Ne7 15. Ne4 Nd5 16. Bc5 Nf4+ 17. Kf2 Nd3+ 18. Bxd3 Rxd3 19. Bxf8 Rxf8 20. Nc5+ 1-0

[Event "Titled Tuesday intern op 04th Mar Early"]
[Site "Chess.com INT"]
[Date "2025.03.04"]
[Round "2"]
[White "Ivannikov, Maksim"]
[Black "Saydaliev, Saidakbar"]
[Result "1-0"]
[WhiteElo "2184"]
[BlackElo "2461"]
[PlyCount "55"]
[EventDate "2025.03.04"]
[EventType "swiss (blitz)"]
[EventRounds "11"]
[EventCountry "USA"]
[SourceTitle "CB11_2025"]
[SourceDate "2025.03.12"]
[SourceVersion "1"]
[SourceVersionDate "2025.03.12"]
[SourceQuality "1"]

1. e4 c5 2. Nf3 e6 3. d4 cxd4 4. Nxd4 Nc6 5. Nc3 Nf6 6. Nxc6 bxc6 7. e5 Nd5 8. Ne4 Bb7 9. f4 Qb6 10. c4 Bb4+ 11. Ke2 0-0 12. cxd5 cxd5 13. Ng5 f6 14. exf6 Rxf6 15. Be3 Qa5 16. Qc2 g6 17. Nf3 d6 18. a3 Rc8 19. Qb3 Ba6+ 20. Kf2 Bc5 21. Bxa6 Qxa6 22. Rac1 Rxf4 23. Rxc5 Rxf3+ 24. gxf3 dxc5 25. Qc2 d4 26. Bh6 e5 27. Qe4 Qe6 28. Qb7 1-0

[Event "Titled Tuesday intern op 04th Mar Early"]
[Site "Chess.com INT"]
[Date "2025.03.04"]
[Round "3"]
[White "Ivannikov, Maksim"]
[Black "Shirov, Alexei"]
[Result "1-0"]
[WhiteElo "2184"]
[BlackElo "2652"]
[PlyCount "125"]
[EventDate "2025.03.04"]
[EventType "swiss (blitz)"]
[EventRounds "11"]
[EventCountry "USA"]
[SourceTitle "CB11_2025"]
[SourceDate "2025.03.12"]
[SourceVersion "1"]
[SourceVersionDate "2025.03.12"]
[SourceQuality "1"]

1. e4 e6 2. d4 d5 3. Nc3 Nf6 4. Bg5 dxe4 5. Nxe4 Be7 6. Bxf6 gxf6 7. Nf3 a6 8. g3 b5 9. Bg2 Bb7 10. Qe2 Nd7 11. 0-0 f5 12. Ned2 c5 13. dxc5 Nxc5 14. Rad1 Qc7 15. Ne5 Bxg2 16. Kxg2 Ne4 17. Ndf3 Bd6 18. Nd3 Rg8 19. Rfe1 Kf8 20. Nd2 Nf6 21. c3 f4 22. Ne4 Nxe4 23. Qxe4 Rc8 24. Ne5 fxg3 25. hxg3 Rg5 26. Rxd6 Qxd6 27. Qxh7 Rc7 28. Qh6+ Rg7 29. Nf3 Qd3 30. Re5 Qg6 31. Qd2 Qf6 32. Qd6+ Qe7 33. Qxa6 b4 34. cxb4 Qxb4 35. Rb5 Qc4 36. Rb8+ Ke7 37. Qa3+ Qc5 38. Qd3 Qd5 39. Qa3+ Kf6 40. Qe3 Rg6 41. Rb4 Kg7 42. Rd4 Qc6 43. Qe5+ Kg8 44. Rh4 Kf8 45. Qd4 Qd5 46. Qb4+ Kg7 47. Qf4 Rd7 48. Kh2 Qf5 49. Qe3 Rd5 50. Nd2 Qd3 51. Qxd3 Rxd3 52. Ne4 Rd1 53. Kg2 Rd4 54. Kf3 f5 55. Nc3 Rxh4 56. gxh4 Kf7 57. a4 Rg4 58. a5 Rxh4 59. a6 Rh8 60. Nb5 Ra8 61. Nc7 Ke7 62. Nxa8 Kd6 63. Nb6 1-0

[Event "Titled Tuesday intern op 25th Feb Early"]
[Site "Chess.com INT"]
[Date "2025.02.25"]
[Round "11"]
[White "Ivannikov, Maksim"]
[Black "Burmakin, Vladimir"]
[Result "0-1"]
[WhiteElo "2186"]
[BlackElo "2435"]
[PlyCount "116"]
[EventDate "2025.02.25"]
[EventType "swiss (blitz)"]
[EventRounds "11"]
[EventCountry "USA"]
[SourceTitle "CB10_2025"]
[SourceDate "2025.03.05"]
[SourceVersion "1"]
[SourceVersionDate "2025.03.05"]
[SourceQuality "1"]

1. e4 c6 2. d4 d5 3. e5 Bf5 4. h4 h5 5. Bd3 Bxd3 6. Qxd3 Qa5+ 7. Nd2 e6 8. Ngf3 Nh6 9. 0-0 Nf5 10. c4 Be7 11. g3 Nd7 12. c5 b6 13. Nb3 Qa4 14. cxb6 axb6 15. Bg5 c5 16. Bxe7 Kxe7 17. Qc3 Rhc8 18. dxc5 bxc5 19. Qd2 Qg4 20. Nh2 Qg6 21. Rfe1 Ra4 22. Kh1 Rca8 23. a3 Rb8 24. Nc1 Rd4 25. Qc3 Rc4 26. Qd2 Nd4 27. Nd3 Nb3 28. Qe3 Qe4+ 29. Qxe4 dxe4 30. Rad1 exd3 31. Rxd3 Rd4 32. Rc3 Rd5 33. Nf3 Nd4 34. Nd2 Nxe5 35. b4 cxb4 36. axb4 Rxb4 37. Ne4 Nd7 38. Rc7 Nf3 39. Re3 Rb1+ 40. Kg2 Nfe5 41. Rb7 Rxb7 42. Re2 Rd3 43. Ng5 Rb1 44. Ra2 Rdd1 45. Nh3 g6 46. Ra8 Rb2 47. Ra7 Rdd2 48. Kg1 Ng4 49. Rc7 Nxf2 50. Nxf2 Rxf2 51. g4 Rfc2 52. Rxc2 Rxc2 53. gxh5 gxh5 54. Kh1 Kf6 55. Kg1 Kf5 56. Kh1 Kf4 57. Kg1 Kf3 58. Kf1 Rc1# 0-1

[Event "Titled Tuesday intern op 25th Feb Early"]
[Site "Chess.com INT"]
[Date "2025.02.25"]
[Round "3"]
[White "Ivannikov, Maksim"]
[Black "Malikova, Marjona"]
[Result "1-0"]
[WhiteElo "2186"]
[BlackElo "2051"]
[PlyCount "77"]
[EventDate "2025.02.25"]
[EventType "swiss (blitz)"]
[EventRounds "11"]
[EventCountry "USA"]
[SourceTitle "CB10_2025"]
[SourceDate "2025.03.05"]
[SourceVersion "1"]
[SourceVersionDate "2025.03.05"]
[SourceQuality "1"]

1. e4 e6 2. d4 d5 3. Nd2 c5 4. exd5 Qxd5 5. Ngf3 cxd4 6. Bc4 Qd6 7. 0-0 Nf6 8. Nb3 Nc6 9. Nbxd4 Nxd4 10. Nxd4 a6 11. c3 Qc7 12. Qe2 Bd6 13. h3 0-0 14. Bg5 Ne4 15. Be3 b5 16. Bd3 Bb7 17. Qc2 Nf6 18. Bg5 h6 19. Bxf6 gxf6 20. Rfe1 Kh8 21. Qe2 Rg8 22. Be4 f5 23. Qh5 Rg6 24. Nxe6 fxe6 25. Bxb7 Rag8 26. Bf3 Qf7 27. Kh1 e5 28. Rad1 Qe7 29. Qxf5 Rf6 30. Qh5 Rfg6 31. Be4 Rf6 32. Qh4 Bc5 33. Rd7 Qxd7 34. Qxf6+ Rg7 35. Qxh6+ Kg8 36. Bf3 Bxf2 37. Rd1 Qe7 38. Bd5+ Kf8 39. Qh8+ 1-0

[Event "Titled Tuesday intern op 28th Jan Early"]
[Site "Chess.com INT"]
[Date "2025.01.28"]
[Round "4"]
[White "Gelman, Alexander"]
[Black "Ivannikov, Maksim"]
[Result "1-0"]
[WhiteElo "2403"]
[BlackElo "2186"]
[PlyCount "103"]
[EventDate "2025.01.28"]
[EventType "swiss (blitz)"]
[EventRounds "11"]
[EventCountry "USA"]
[SourceTitle "CB06_2025"]
[SourceDate "2025.02.05"]
[SourceVersion "1"]
[SourceVersionDate "2025.02.05"]
[SourceQuality "1"]

1. d4 Nf6 2. Nc3 d5 3. Bf4 g6 4. e3 Bg7 5. Qd2 0-0 6. f3 c6 7. g4 b5 8. Bd3 a5 9. h4 b4 10. Nce2 h5 11. Ng3 hxg4 12. h5 gxf3 13. h6 f2+ 14. Qxf2 Ng4 15. hxg7 Nxf2 16. gxf8Q+ Qxf8 17. Kxf2 Nd7 18. Nf3 Nf6 19. Ne5 Ba6 20. Rh3 Bxd3 21. cxd3 Qc8 22. Rah1 Kg7 23. Bh6+ Kg8 24. Bg5 Kg7 25. Bxf6+ Kxf6 26. Rh7 Qg8 27. Rxf7+ Ke6 28. Rhh7 Ra7 29. Rhg7 Qxf7+ 30. Rxf7 c5 31. Rg7 cxd4 32. exd4 Kd6 33. Rxg6+ Kc7 34. Nf5 Kb7 35. Nxe7 a4 36. N7c6 b3 37. Nxa7 bxa2 38. Rg1 a3 39. bxa3 Kxa7 40. Ra1 Ka6 41. Rxa2 Ka5 42. Rc2 Ka4 43. Rc5 Kb3 44. Rxd5 Ka4 45. Rc5 Kb3 46. d5 Kb2 47. Rc4 Kb3 48. d6 Kxa3 49. d7 Kb2 50. d8Q Kb3 51. Qb6+ Ka2 52. Ra4# 1-0

[Event "Titled Tuesday intern op 28th Jan Early"]
[Site "Chess.com INT"]
[Date "2025.01.28"]
[Round "6"]
[White "Ivannikov, Maksim"]
[Black "Kalyani, Sirin"]
[Result "1-0"]
[WhiteElo "2186"]
[BlackElo "2012"]
[PlyCount "99"]
[EventDate "2025.01.28"]
[EventType "swiss (blitz)"]
[EventRounds "11"]
[EventCountry "USA"]
[SourceTitle "CB06_2025"]
[SourceDate "2025.02.05"]
[SourceVersion "1"]
[SourceVersionDate "2025.02.05"]
[SourceQuality "1"]

1. e4 c5 2. Nf3 d6 3. d4 cxd4 4. Nxd4 Nf6 5. Nc3 Nc6 6. Bg5 e6 7. Qd2 a6 8. 0-0-0 Bd7 9. f4 b5 10. a3 Be7 11. Nf3 h6 12. Bxf6 gxf6 13. f5 Qc7 14. Be2 0-0-0 15. Nd4 Nxd4 16. Qxd4 d5 17. exd5 e5 18. d6 exd4 19. dxc7 Kxc7 20. Nd5+ Kd6 21. Rxd4 Ke5 22. Rd2 Bc5 23. Bf3 Kxf5 24. Rf1 Kg6 25. Kb1 Be6 26. Nf4+ Kg5 27. Nd3 Bc4 28. Be4 Be6 29. Bb7 Be3 30. Re2 Bb6 31. Bxa6 Bc4 32. Rf3 Kg6 33. Bb7 Rhe8 34. Be4+ Kg7 35. b3 Be6 36. Bc6 Bd7 37. Rxe8 Bxe8 38. Be4 Bd7 39. Nf4 f5 40. Bd3 Kf6 41. Nd5+ Ke5 42. Nxb6 Bc6 43. Rxf5+ Kd4 44. Kc1 Be4 45. Rf4 f5 46. Kd2 Ke5 47. Rf2 Bxd3 48. cxd3 Kd4 49. Rxf5 Re8 50. Rd5# 1-0

[Event "Titled Tuesday intern op 28th Jan Early"]
[Site "Chess.com INT"]
[Date "2025.01.28"]
[Round "10"]
[White "Ivannikov, Maksim"]
[Black "Korchmar, Vasiliy"]
[Result "1-0"]
[WhiteElo "2186"]
[BlackElo "2429"]
[PlyCount "57"]
[EventDate "2025.01.28"]
[EventType "swiss (blitz)"]
[EventRounds "11"]
[EventCountry "USA"]
[SourceTitle "CB06_2025"]
[SourceDate "2025.02.05"]
[SourceVersion "1"]
[SourceVersionDate "2025.02.05"]
[SourceQuality "1"]

1. e4 c5 2. Nf3 d6 3. d4 cxd4 4. Nxd4 Nf6 5. Nc3 Nc6 6. Bg5 Bd7 7. f4 Qb6 8. Nb3 Ng4 9. Qd2 h6 10. Bh4 g5 11. Nd5 Qd8 12. fxg5 Bg7 13. 0-0-0 a5 14. a4 Nb4 15. Nxb4 axb4 16. Qxb4 Rxa4 17. Qxb7 hxg5 18. Bxg5 Nf2 19. Bb5 Ra2 20. Rxd6 0-0 21. Rxd7 Ra1+ 22. Nxa1 Qa5 23. Nb3 Qa2 24. e5 Bxe5 25. Qf3 Qxb2+ 26. Kd2 Nxh1 27. Bxe7 Rc8 28. Rd8+ Rxd8+ 29. Bxd8 1-0

[Event "Titled Tuesday intern op 28th Jan Early"]
[Site "Chess.com INT"]
[Date "2025.01.28"]
[Round "3"]
[White "Ivannikov, Maksim"]
[Black "Usov, Aleksandr E"]
[Result "1-0"]
[WhiteElo "2186"]
[BlackElo "2367"]
[PlyCount "119"]
[EventDate "2025.01.28"]
[EventType "swiss (blitz)"]
[EventRounds "11"]
[EventCountry "USA"]
[SourceTitle "CB06_2025"]
[SourceDate "2025.02.05"]
[SourceVersion "1"]
[SourceVersionDate "2025.02.05"]
[SourceQuality "1"]

1. e4 h5 2. d4 h4 3. Nf3 h3 4. gxh3 c6 5. Rg1 d5 6. exd5 cxd5 7. Nc3 Nf6 8. Bf4 a6 9. Ng5 Nc6 10. Qd2 Bf5 11. 0-0-0 e6 12. Be3 Nb4 13. a3 Nxc2 14. Bd3 Nxe3 15. Qxe3 Bxd3 16. Qxd3 Bd6 17. Nxe6 fxe6 18. Rxg7 Rh6 19. Qe3 Rh7 20. Qxe6+ Be7 21. Qf7+ Kd7 22. Rxh7 Nxh7 23. Qxh7 Qg8 24. Qf5+ Qe6 25. Qxd5+ Qxd5 26. Nxd5 Bd8 27. Rg1 Kd6 28. Nc3 Ke6 29. d5+ Kf5 30. Kc2 Bg5 31. Rg4 Rh8 32. Rg3 Bf4 33. Rf3 Ke5 34. Kb3 b5 35. Kb4 Rf8 36. Ka5 Rf6 37. Kb4 Rd6 38. h4 Rf6 39. Kb3 Rh6 40. Rh3 Kf5 41. Ne2 Kg4 42. Nxf4 Kxf4 43. Rd3 Ke4 44. Rd1 Rd6 45. h5 Ke5 46. Kb4 Rh6 47. Kc5 Rxh5 48. d6 Ke6+ 49. Kc6 Rxh2 50. d7 Rxf2 51. d8Q Rc2+ 52. Kb6 Rf2 53. Rd6+ Kf5 54. Qf6+ Ke4 55. Qxf2 b4 56. Rd4+ Ke5 57. Qf4+ Ke6 58. Rd6+ Ke7 59. Qf6+ Ke8 60. Rd8# 1-0

[Event "Moscow Botvinnik Memorial Cup"]
[Site "Moscow"]
[Date "2024.09.08"]
[Round "7.18"]
[White "Bayramgeldyev, Yusup"]
[Black "Ivannikov, Maksim"]
[Result "0-1"]
[WhiteElo "2103"]
[BlackElo "2186"]
[PlyCount "56"]
[EventDate "2024.09.04"]
[EventType "team-tourn"]
[EventRounds "9"]
[EventCountry "RUS"]
[SourceTitle "EXT 2025"]
[Source "ChessBase"]
[SourceDate "2024.10.14"]
[SourceVersion "1"]
[SourceVersionDate "2024.10.14"]
[SourceQuality "1"]
[WhiteTeam "Turkmenistan"]
[BlackTeam "Russia"]
[WhiteTeamCountry "TKM"]
[BlackTeamCountry "RUS"]

1. Nf3 Nf6 2. g3 g6 3. Bg2 Bg7 4. 0-0 0-0 5. c4 d6 6. Nc3 Nc6 7. d4 a6 8. Qc2 Bf5 9. e4 Bg4 10. Be3 Nd7 11. d5 Bxf3 12. Bxf3 Nd4 13. Bxd4 Bxd4 14. Rad1 Bg7 15. Bg2 c5 16. dxc6 bxc6 17. b3 Qa5 18. Ne2 Qb6 19. h3 a5 20. Kh2 Nc5 21. Qd2 Rfb8 22. Rb1 Qb4 23. Qe3 a4 24. e5 axb3 25. axb3 Bxe5 26. Bxc6 Ra3 27. Nc1 Nxb3 28. Bb5 Nd2 0-1

[Event "Moscow Botvinnik Memorial Cup"]
[Site "Moscow"]
[Date "2024.09.07"]
[Round "6.6"]
[White "Ivannikov, Maksim"]
[Black "Nikitenko, Mihail"]
[Result "1-0"]
[WhiteElo "2186"]
[BlackElo "2529"]
[PlyCount "95"]
[EventDate "2024.09.04"]
[EventType "team-tourn"]
[EventRounds "9"]
[EventCountry "RUS"]
[SourceTitle "EXT 2025"]
[Source "ChessBase"]
[SourceDate "2024.10.14"]
[SourceVersion "1"]
[SourceVersionDate "2024.10.14"]
[SourceQuality "1"]
[WhiteTeam "Russia"]
[BlackTeam "Belarus"]
[WhiteTeamCountry "RUS"]
[BlackTeamCountry "BLR"]

1. e4 e5 2. Bc4 Nf6 3. d3 c6 4. Nf3 d5 5. Bb3 a5 6. a4 Bd6 7. exd5 Nxd5 8. 0-0 0-0 9. Re1 Re8 10. Nbd2 Bc7 11. d4 exd4 12. Nxd4 Na6 13. Rxe8+ Qxe8 14. Nf1 Nf6 15. c3 Nc5 16. Bc2 Bg4 17. f3 Bh5 18. Bg5 Nd5 19. Qd2 Bg6 20. Re1 Qd7 21. Bh4 Bf4 22. Qd1 Re8 23. Rxe8+ Qxe8 24. Bf2 Qe7 25. Nf5 Bxf5 26. Bxf5 g6 27. Bc2 Bd6 28. Qd2 Nb6 29. Ne3 h5 30. g4 Qf6 31. gxh5 Qg5+ 32. Kf1 Nd5 33. hxg6 Bf4 34. gxf7+ Kxf7 35. h4 Qh5 36. Ke2 Bh6 37. b4 axb4 38. cxb4 Ne6 39. Be4 Nf6 40. Kf1 Qe5 41. Nc4 Qa1+ 42. Qe1 Qxa4 43. Nd6+ Kf8 44. Bd3 Nf4 45. Nf5 N6d5 46. Bc5+ Kf7 47. Nxh6+ Kg7 48. Qe5+ 1-0

[Event "Moscow op-A 20th"]
[Site "Moscow"]
[Date "2024.07.19"]
[Round "7"]
[White "Den, Dmitrij"]
[Black "Ivannikov, Maksim"]
[Result "0-1"]
[WhiteElo "2014"]
[BlackElo "2200"]
[PlyCount "82"]
[EventDate "2024.07.16"]
[EventType "swiss"]
[EventRounds "9"]
[EventCountry "RUS"]
[SourceTitle "CBM 221 Extra"]
[Source "ChessBase"]
[SourceDate "2024.09.30"]
[SourceVersion "1"]
[SourceVersionDate "2024.09.30"]
[SourceQuality "1"]

1. d4 Nf6 2. c4 g6 3. Nc3 Bg7 4. e4 0-0 5. Be2 d6 6. Be3 e5 7. d5 Na6 8. g4 Nc5 9. f3 h5 10. g5 Nh7 11. h4 f6 12. Qd2 fxg5 13. hxg5 Rf4 14. Nh3 Bxh3 15. Rxh3 Nxg5 16. Rg3 Qf6 17. Bxf4 exf4 18. Rg2 Nf7 19. 0-0-0 Ne5 20. Nb5 Rc8 21. Rdg1 Kh7 22. Nd4 Nxe4 23. Qc2 Ng3 24. Ne6 c6 25. Rxg3 fxg3 26. f4 cxd5 27. fxe5 Qxe6 28. Rxg3 Bxe5 29. Rxg6 Qxg6 30. Bd3 Rxc4 31. Bxg6+ Kh6 32. Bf7 Rxc2+ 33. Kxc2 d4 34. Kd3 Kg5 35. Bd5 b6 36. b4 Kf4 37. Ke2 Kg3 38. a4 h4 39. Be4 h3 40. Bd5 h2 41. Bh1 d3+ 0-1

[Event "Moscow op-A 20th"]
[Site "Moscow"]
[Date "2024.07.17"]
[Round "3"]
[White "Zvjaginsev, Vadim"]
[Black "Ivannikov, Maksim"]
[Result "1-0"]
[WhiteElo "2559"]
[BlackElo "2200"]
[PlyCount "77"]
[EventDate "2024.07.16"]
[EventType "swiss"]
[EventRounds "9"]
[EventCountry "RUS"]
[SourceTitle "CBM 221 Extra"]
[Source "ChessBase"]
[SourceDate "2024.09.30"]
[SourceVersion "1"]
[SourceVersionDate "2024.09.30"]
[SourceQuality "1"]

1. Nf3 Nf6 2. g3 g6 3. Bg2 Bg7 4. 0-0 0-0 5. d4 d6 6. Re1 Nbd7 7. e4 e5 8. h3 Re8 9. a4 exd4 10. Nxd4 Nc5 11. Nc3 Ne6 12. Be3 Nc5 13. Bc1 Ne6 14. Nxe6 Bxe6 15. Be3 Qd7 16. Kh2 a6 17. a5 Rad8 18. Qd2 d5 19. exd5 Nxd5 20. Nxd5 Bxd5 21. Red1 Qc8 22. Bxd5 c6 23. Bxf7+ Kxf7 24. Qb4 Kg8 25. c3 Rd7 26. Rxd7 Qxd7 27. Qc4+ Kh8 28. Qg4 Qd5 29. Rd1 Qxa5 30. Qd7 Rf8 31. Qxb7 Qa4 32. Rd7 Qc2 33. Qa7 Be5 34. Rf7 Rxf7 35. Qxf7 Qf5 36. Qxf5 gxf5 37. Bd4 Bxd4 38. cxd4 Kg7 39. g4 1-0

[Event "Asia-ch U14"]
[Site "Almaty"]
[Date "2024.06.17"]
[Round "7"]
[White "Nguyen, Manh Duc"]
[Black "Ivannikov, Maksim"]
[Result "0-1"]
[WhiteElo "2129"]
[BlackElo "2163"]
[PlyCount "114"]
[EventDate "2024.06.12"]
[EventType "swiss"]
[EventRounds "9"]
[EventCountry "KAZ"]
[SourceTitle "EXT 2025"]
[Source "ChessBase"]
[SourceDate "2024.10.14"]
[SourceVersion "1"]
[SourceVersionDate "2024.10.14"]
[SourceQuality "1"]
[WhiteTeam "VIE"]
[BlackTeam "FID"]

1. e4 e5 2. Nf3 Nc6 3. Nc3 Nf6 4. h3 Be7 5. d4 exd4 6. Nxd4 0-0 7. Nxc6 bxc6 8. Bd3 d5 9. 0-0 Rb8 10. Qf3 d4 11. Ne2 Nd7 12. Ng3 Ne5 13. Qe2 c5 14. b3 Rb6 15. Bf4 Ng6 16. Bd2 Ne5 17. Qh5 Nxd3 18. cxd3 g6 19. Qe2 Re6 20. Qd1 f5 21. exf5 gxf5 22. Bf4 Bb7 23. Re1 Rg6 24. Kh2 Bd6 25. Qd2 Qh4 26. Bxd6 cxd6 27. b4 Bxg2 28. Kxg2 f4 29. bxc5 f3+ 30. Kh2 Rh6 31. Qxh6 Qxh6 32. cxd6 Qxd6 33. Re4 Kh8 34. Rb1 Qa6 35. Rxd4 Qxa2 36. Rf1 Qc2 37. Rd7 a5 38. d4 Qc6 39. Re7 Qd6 40. Re4 a4 41. Ra1 Qb4 42. d5 Qb2 43. Rf1 a3 44. Ree1 a2 45. d6 Rd8 46. Kg1 Qf6 47. Ra1 Qe6 48. Kh2 Rxd6 49. Rfe1 Qf7 50. Kg1 Rd2 51. Rac1 Rb2 52. Ra1 Qg6 53. Rf1 h5 54. h4 Qg4 55. Rfe1 Qh3 56. Re8+ Kh7 57. Re7+ Kg6 0-1